000 00665cam a2200241 4500
001 J59031
008 000000n2000 000 0 eng u
035 _a(Sirsi) u105020
041 _aeng
050 _a333.337
110 _aDonaldsons
_93333
245 _aDonaldson`s retail research spotlight. - 1st quarter 1999 - 4th quarter 1999.
260 _aLondon
_bDonaldsons
_c1999-2000
300 _a4 pt. ; 30cm.
520 _aPublished quarterly
650 _aPROPERTY INVESTMENT
650 _aRENT
650 _aRENTAL GROWTH
650 _aRETAIL PROPERTY
650 _aYIELDS
690 _aPROPERTY-COMMERCIAL PROPERTY-RETAIL PROPERTY
942 _n0
999 _c100320
_d100320